1419 1349 1811 1625 1909 1751 1310 1201 1459 1199 1694 1386 1873 1898 1642 1290 1288 1230 1956 1867 1837 1469 1565 1357 1443 1711 1010 1010 1788 1011 1765 1490 1941 1152 1574 1762 1637 1558 1900 1227 1471 1480 1034 1364 1398 1251 1678 1216 1461 1516 1387 1446 1508 1226 1919 1752 1390 1872 1722 1247 1612 1283 1240 1910 1868 1737 1703 1279 1187 1620 1959 1496 1602 1774 1604 1444 1520 1506 1226 1461 1841 1349 1381 1755 1133 1674 1746 1441 1538 1672 1235 1358 1844 1515 1279 1164 1173 1663 1141 BCNSPRNW ULIB Ver.6.0+V

เปลี่ยนเป็นภาษาไทย

Change to English
 แสดงรายละเอียดบรรณานุกรม
  กลับหน้าหลัก

Brief Record : Get Marc (ISO 2709) : E-mail record : QR code < ปิดหน้าต่าง
LEADER : 00000nam 2200000uu 4500
001    13399124953
003     ULIB
008    160526s2555||||th 000 0 tha d
020    ^a9786162232114
060  0 ^aWY152^bพ239ท
100 0  ^aพรทิพย์ บุญพวง
245 10 ^aทักษะการพยาบาลผู้ใหญ่ขั้นพื้นฐาน /^cพรทิพย์ บุญพวง
250    ^aพิมพ์ครั้งที่ 1
260    ^aขอนแก่น :^bมหาวิทยาลัยขอนแก่น,^c2555
300    ^a289 หน้า :^bภาพประกอบ ;^c27 ซม
500    ^aการพยาบาลผู้ใหญ่
505 2  ^aทักษะที่จำเป็นสำหรับการพยาบาล -- ทักษะการประเมินผู้ป่วยผู้ใหญ่ --ทักษะพื้นฐานในการให้การพยาบาล -- ทักษะพื้นฐานในการดูแลด้านร่างกาย --ทักษะพื้นฐานในการดูแลด้านจิตสังคม
650  7 ^aการพยาบาลผู้ใหญ่
945    ^p200^l0^i23596
945    ^p200^l0^i23597
945    ^p200^l0^i23598
945    ^p200^l0^i23599
945    ^p200^l0^i23600
999    ^aทศพร เกษรทอง
รายการนี้ยังไม่มีแท็ก
คุณยังไม่ได้ล็อกอิน คุณสามารถมีกิจกรรมร่วมกับเว็บไซต์ได้ แต่ต้องล็อกอินก่อน ::
  ล็อกอิน

รายการสื่อสารสนเทศ

ลำดับที่ ประเภท เลขเรียก/บาร์โค้ด สถานที่ สถานะ
1. Book การพยาบาล
Book การพยาบาล
สถานะ=หนังสือเก่า
WY152 พ239ท ฉ.1 
  Barcode: 23596
ห้องสมุดวิทยาเขตนครสวรรค์
►ส่วนจัดเก็บหนังสือเก่า นว.
บนชั้น
  ขอยืม
2. Book การพยาบาล
Book การพยาบาล
สถานะ=หนังสือเก่า
WY152 พ239ท ฉ.2 
  Barcode: 23597
ห้องสมุดวิทยาเขตนครสวรรค์
►ส่วนจัดเก็บหนังสือเก่า นว.
บนชั้น
  ขอยืม
3. Book การพยาบาล
Book การพยาบาล
สถานะ=หนังสือเก่า
WY152 พ239ท ฉ.3 
  Barcode: 23598
ห้องสมุดวิทยาเขตนครสวรรค์
►ส่วนจัดเก็บหนังสือเก่า นว.
บนชั้น
  ขอยืม
4. Book การพยาบาล
Book การพยาบาล
สถานะ=หนังสือเก่า
WY152 พ239ท ฉ.4 
  Barcode: 23599
ห้องสมุดวิทยาเขตนครสวรรค์
►ส่วนจัดเก็บหนังสือเก่า นว.
บนชั้น
  ขอยืม
5. Book การพยาบาล
Book การพยาบาล
สถานะ=หนังสือเก่า
WY152 พ239ท ฉ.5 
  Barcode: 23600
ห้องสมุดวิทยาเขตนครสวรรค์
►ส่วนจัดเก็บหนังสือเก่า นว.
บนชั้น
  ขอยืม

รายการใกล้เคียง
    ผู้แต่ง [พรทิพย์ บุญพวง]

    หัวเรื่อง [การพยาบาลผู้ใหญ่]

BibComment


ยังไม่เคยถูกคอมเมนท์

คอมเมนท์ทรัพยากรรายการนี้
  คอมเมนท์: ทักษะการพยาบาลผู..


 Copyright 2026. Bcnsprnw @Library